| 000 | 01203nac a22003497a 4500 | ||
|---|---|---|---|
| 001 | BR8100804 | ||
| 003 | BR-BrBNA | ||
| 005 | 20240105114914.0 | ||
| 008 | 230509b bl.|||m| |||| 00| 0 por d | ||
| 040 |
_aBR-BrBNA _bpor _cBiblioteca Nacional de Agricultura |
||
| 072 | _aF30 | ||
| 090 | _a0716 BR8100804 | ||
| 100 | 1 | _aOjima, M. | |
| 100 | 1 | _aRigitano, o. | |
| 100 | 1 | _aDall'Orto, F.A.C. | |
| 100 | 1 | _aScaranari, H.J. | |
| 100 | 1 | _aMartins, F.P. | |
| 100 | 1 | _aTombolato, A.F.C. | |
| 110 | 1 | _aInstituto Agronomico, Campinas, SP (Brasil) | |
| 245 | 1 | _aDocura e Perola-de-Mairinque: novos cultivares de pessego para o clima paulista [Prunus persica; Sao Paulo; Brasil] | |
| 246 | 1 | _aDocura and Perola-de-Mairinque: two new low-chilling requirement peach cultivars [Prunus persica; Sao Paulo; Brazil] | |
| 260 | 3 |
_aCampinas, SP (Brasil): _c1980. |
|
| 300 | _a11 p. | ||
| 490 |
_aBoletim Tecnico - Instituto Agronomico (Brazil) _vno. 62 _xISSN 0100-3100 |
||
| 500 | _aSummaries (En, Pt) | ||
| 650 | _aMelhoramento genetico vegetal | ||
| 650 | _aPessego | ||
| 650 | _aVariedade | ||
| 650 | _aSao Paulo | ||
| 909 |
_a202312 _bLúcia Elande _c55 _dLúcia Elande |
||
| 942 |
_2AGRIS _n0 _cMS |
||
| 999 |
_c271967 _d271967 |
||